01559nam a22002897a 4500999001700000003000900017005001700026008004100043020001800084040004300102082002000145100003400165245050100199250001900700264011300719300005100832336002600883337002800909338002700937500002000964650002700984653002401011655002401035700003001059942001201089952016801101 c28119d28090EG-ScBUE20200216123149.0200216s2019 ii a f 001 0 eng d a9789352706693 aEG-ScBUEbengerdacEG-ScBUEdEG-ScBUE04a617.69bPRA2221 aPrajapati, Paranjay,eauthor.10aEssential manual of preclinical prosthodontics /cParanjay Prajapati, BDS MDS (prosthodontics and crown & bridge) reader, Department of prosthodontics and Crown & Bridge, KM Shah Dental College and Hospital, Sumandeep Vidyapeeth (an Institution Deemed to be University) Vadodara, Gujarat, India, Sneha Kulkarni, BDS tutor, Department of Prosthodontics and Crown & Bridge, KM Shah Dental College and Hospital, Sumandeep Vidyapeeth (an Institution Deemed to be University) Vadodara, Gujarat, India. aFirst edition. 1aNew Delhi ;aLondon ;aPanama :bJaypee Brothers Medical Publishers :bThe Health Sciences Publisher,c2019. axvi, 320 pages :bcolor illustrations ;c24 cm 2rdacontentatextbtxt 2rdamediaaunmediatedbn 2rdacarrieravolumebnc aIncludes index. 7aProsthodontics.2BUEsh bDDENTcFebruary2020 vReading book9342321 aKulkarni, Sneha,eauthor. 2ddccBB 00102ddc40708AlahramaMAINbMAINc1STd2020-02-16ePurchaseg370.00h488l3m28o617.69 PRAp000048736r2024-09-24 00:00:00s2023-07-17v462.50w2020-02-16yBB